| 000 -LEADER |
| fixed length control field |
00448nam a22001571a 4500 |
| 082 ## - DEWEY DECIMAL CLASSIFICATION NUMBER |
| Classification number |
S 398.991 2 |
| Item number |
LAL/V |
| 100 ## - MAIN ENTRY--AUTHOR NAME |
| Personal name |
Lalithaprabha Sagar Mukhopadhyaya |
| 245 ## - TITLE STATEMENT |
| Title |
Viswa sanskrit sukthi kosh (vol.1)/ |
| Statement of responsibility, etc |
by Lalithaprabha Sagar Mukhopadhyaya |
| 260 ## - PUBLICATION, DISTRIBUTION, ETC. (IMPRINT) |
| Place of publication |
Jodhpur: |
| Name of publisher |
Navabharat prakashan, |
| Year of publication |
2006. |
| 300 ## - PHYSICAL DESCRIPTION |
| Number of Pages |
279p. |
| 650 ## - SUBJECT ADDED ENTRY--TOPICAL TERM |
| Topical Term |
Proverb Sanskrit |
| 650 ## - SUBJECT ADDED ENTRY--TOPICAL TERM |
| Topical Term |
Proverb |
| 650 ## - SUBJECT ADDED ENTRY--TOPICAL TERM |
| Topical Term |
Folk Literature |
| 650 ## - SUBJECT ADDED ENTRY--TOPICAL TERM |
| Topical Term |
Social Sciences |
| 942 ## - ADDED ENTRY ELEMENTS (KOHA) |
| Koha item type |
Book |